000 00531cam a2200181 a 4500
001 000008496
005 20200929161341.0
008 880815s1984 cu 000 1 spa
040 _aDO-SdBNP
_bspa
_cBNPHU
082 _aCu863.44
_bM357b
100 1 _aMarqués Ravelo, Bernardo,
_d1947-
_922818
245 1 0 _aBalada del barrio /
_cBernardo Marqués Ravelo.
260 _aLa Habana :
_bLetras Cubanas,
_c1984.
300 _a249 p. ;
_c18 cm.
490 1 _aEspiral
650 4 _aNovela cubana
_92316
650 4 _aLiteratura cubana
_91483
999 _c8267
_d8267